00866nam a22002057a 4500003000900000008004100009020001500050040007100065082001700136100002900153245007600182260002900258300002800287505020100315650003300516650002500549650003300574700002700607700002600634AR-CdUCM190226b ||||| |||| 00| 0 spa d a9972994007 aMUNICIPALIDAD PROVINCIAL DEL CUSCOcBIBLIOTECA MUNICIPAL DEL CUSCO a333.1 /bM86 aMorris Guerinoni, Felipe aLa formación de la propiedad en el Perú :bdesvelando el misterio / aLima :bCOFOPRI ,c2004. a117 páginas ;c24 cm. aLa problemática de la informalidad en el Perú -- Reforma de los derechos de propiedad privada y urbana -- Complementación de la reforma -- Formalización de lotes y títulos registrados... aReforma de propiedad urbana. aPropiedad de tierra. aLeyes de propiedad de tierra aEndo Olascuaga, Victor aUgaz Vallanas, Rafael